San Antonio Spurs Players by NBA Game Played - Statistics

General Stats
  • This quiz has been taken 30 times
  • The average score is 1415 of 5059
Answer Stats
Player Games % Correct
Tim Duncan 1392
95%
Tony Parker 1198
90%
Victor Wembanyama 181
90%
Manu Ginóbili 1057
85%
David Robinson 987
80%
George Gervin 899
80%
Glenn Robinson 9
80%
Kawhi Leonard 407
80%
Oliver Robinson 35
80%
LaMarcus Aldridge 376
70%
Alize Johnson 4
65%
Avery Johnson 644
65%
DeMar DeRozan 206
65%
DerMarr Johnson 5
65%
Ed Johnson 8
65%
George Johnson 157
65%
Keldon Johnson 452
65%
Linton Johnson 2
65%
Reggie Johnson 100
65%
Stanley Johnson 30
65%
Steve Johnson 71
65%
Stew Johnson 10
65%
Tyler Johnson 3
65%
Vinnie Johnson 60
65%
Devin Vassell 370
60%
Stephon Castle 149
60%
Bruce Bowen 630
55%
Danny Green 520
55%
JaMychal Green 4
55%
Mike Green 139
55%
Sidney Green 161
55%
Brandon Paul 64
50%
Chris Paul 82
50%
De'Aaron Fox 89
50%
Dejounte Murray 320
50%
Alvin Robertson 389
45%
Cedric Jackson 3
45%
Dylan Harper 69
45%
Fred Roberts 101
45%
Jaren Jackson 226
45%
Sean Elliott 669
45%
Stephen Jackson 179
45%
Anthony Jones 49
40%
Bobby Jones 3
40%
Caldwell Jones 72
40%
Collis Jones 159
40%
Edgar Jones 127
40%
Jakob Poeltl 326
40%
Jeremy Sochan 212
40%
Julian Champagnie 253
40%
Larry Jones 53
40%
Nick Jones 7
40%
Ozell Jones 67
40%
Patty Mills 665
40%
Pau Gasol 168
40%
Rich Jones 391
40%
Shelton Jones 7
40%
Steve Jones 97
40%
Tre Jones 279
40%
Aron Baynes 139
35%
Brandon Williams 3
35%
Dennis Rodman 128
35%
Derek Anderson 82
35%
Derrick White 237
35%
Eric Williams 16
35%
George Hill 231
35%
Greg Anderson 292
35%
James Anderson 87
35%
James White 6
35%
Kevin Williams 19
35%
Kyle Anderson 257
35%
Marcus Williams 3
35%
Mario Elie 126
35%
Melvin Ely 6
35%
Michael Anderson 36
35%
Michael Finley 347
35%
Monty Williams 154
35%
Ray Williams 23
35%
Reggie Williams 32
35%
Robert Horry 332
35%
Simmie Hill 130
35%
Tiago Splitter 311
35%
Willie Anderson 451
35%
Artis Gilmore 380
30%
Boris Diaw 331
30%
Charles Smith 60
30%
Dominique Wilkins 63
30%
Jeff Wilkins 27
30%
John Smith 125
30%
Ken Smith 19
30%
Larry Smith 66
30%
Lonnie Walker IV 208
30%
Luke Kornet 68
30%
Malik Rose 509
30%
Robert Smith 7
30%
Samaki Walker 132
30%
Steve Smith 130
30%
Antonio Daniels 276
25%
Billy Paultz 378
25%
Brent Barry 261
25%
Charles Davis 16
25%
Harry Davis 4
25%
Hedo Türkoğlu 80
25%
Joffrey Lauvergne 55
25%
Larry Kenon 399
25%
Lloyd Daniels 142
25%
Matt Bonner 632
25%
Mike Mitchell 488
25%
Nando De Colo 98
25%
Todd Mitchell 2
25%
Willie Davis 8
25%
Bismack Biyombo 53
20%
Cedi Osman 72
20%
Charles Bassey 90
20%
Charlie Beasley 276
20%
Chucky Brown 30
20%
Devin Brown 132
20%
Drew Eubanks 148
20%
Fabricio Oberto 274
20%
Francisco Elson 111
20%
Gene Moore 93
20%
James Silas 618
20%
John Beasley 334
20%
Johnny Moore 519
20%
Malaki Branham 188
20%
Mason Plumlee 6
20%
Rasho Nesterović 232
20%
Roger Brown 2
20%
Shannon Brown 10
20%
Sidy Cissoko 29
20%
Steve Kerr 206
20%
Swen Nater 140
20%
T.J. Ford 14
20%
Vinny Del Negro 433
20%
Will Perdue 261
20%
Beno Udrih 207
15%
Blake Wesley 156
15%
Boban Marjanović 54
15%
Carter Bryant 71
15%
Damion James 5
15%
David Lee 79
15%
Dominick Barlow 61
15%
Doug McDermott 161
15%
Gorgui Dieng 47
15%
Harrison Barnes 159
15%
Jordan McLaughlin 62
15%
Lindy Waters III 40
15%
Mark Bryant 30
15%
Nazr Mohammed 103
15%
Terry Cummings 361
15%
Alex Garcia 2
10%
Anthony Carter 5
10%
Antonio McDyess 150
10%
Cory Joseph 204
10%
David Jones García 11
10%
Gary Neal 204
10%
Harrison Ingram 12
10%
Joshua Primo 54
10%
Kurt Thomas 107
10%
Luka Šamanić 36
10%
Malcolm Thomas 4
10%
Marco Belinelli 278
10%
Mengke Bateer 12
10%
Mike Gale 414
10%
Moses Malone 17
10%
Mychal Thompson 49
10%
Sandro Mamukelashvili 126
10%
Sean Marks 48
10%
Steve Hayes 9
10%
Albert King 46
5%
Andre Miller 13
5%
Antoine Carr 186
5%
Billy Knight 52
5%
Bobby Simmons 2
5%
Bobby Wilson 69
5%
Bob Miller 2
5%
Cameron Reynolds 3
5%
Chuck Person 222
5%
Cliff Hagan 94
5%
David West 78
5%
Dāvis Bertāns 220
5%
DeJuan Blair 288
5%
Dewayne Dedmon 76
5%
Doc Rivers 138
5%
Gerard King 19
5%
Jackie Butler 11
5%
Jeremy Richardson 5
5%
Jerome Kersey 117
5%
John Paxson 127
5%
Jonathon Simmons 133
5%
Jordan Hall 9
5%
Josh Richardson 63
5%
Kelly Olynyk 42
5%
Kevin Martin 16
5%
Louie Dampier 232
5%
Negele Knight 64
5%
Rasual Butler 46
5%
Ricky Wilson 18
5%
Rubin Russell 16
5%
Stephen Howard 7
5%
Terry Porter 220
5%
Thaddeus Young 26
5%
Tom Hagan 69
5%
Trey Lyles 86
5%
Zach Collins 196
5%
Alex Scales 1
0%
Alfredrick Hughes 68
0%
Allan Bristow 285
0%
Alonzo Gee 5
0%
Amal McCaskill 27
0%
Andrew Gaze 19
0%
Ansley Truitt 16
0%
Anthony Bowie 18
0%
Anthony Goldwire 10
0%
Anthony Lamb 2
0%
Anthony Tolliver 19
0%
Art Becker 6
0%
Austin Croshere 3
0%
Austin Daye 40
0%
Bill Franklin 34
0%
Bill Willoughby 52
0%
Billy McGill 24
0%
Bird Averitt 74
0%
Blake Ahearn 3
0%
Bob Bedell 193
0%
Bobby Croft 29
0%
Bob Christian 1
0%
Bob Netolicky 103
0%
Bob Quick 6
0%
Bob Verga 31
0%
Bob Warren 116
0%
Brad Lohaus 41
0%
Brant Weidner 8
0%
Bryn Forbes 301
0%
Byron Dinkins 10
0%
Calvin Natt 10
0%
Carl Herrera 177
0%
Carroll Hooser 56
0%
Charlie Ward 36
0%
Cherokee Parks 42
0%
Chimezie Metu 47
0%
Chris Quinn 41
0%
Chris Welp 13
0%
Chris Whitney 65
0%
Chuck Nevitt 1
0%
Chuck Terry 140
0%
Cincy Powell 228
0%
Clifford Lett 7
0%
Coby Dietrick 569
0%
Collis Temple 24
0%
Corey Crowder 7
0%
Cory Alexander 177
0%
Dale Ellis 159
0%
Dallas Comegys 67
0%
Damon Stoudamire 31
0%
Danny Ferry 194
0%
Dante Cunningham 64
0%
Darius Washington 18
0%
Darrell Lockhart 2
0%
Darrin Hancock 1
0%
Darrun Hilliard 14
0%
Darwin Cook 36
0%
Dave Batton 4
0%
Dave Corzine 164
0%
Dave Greenwood 293
0%
Dave Robisch 4
0%
David Duke Jr. 10
0%
David Thirdkill 2
0%
David Wingate 103
0%
David Wood 64
0%
Dell Demps 16
0%
DeMarre Carroll 15
0%
Dennis Holman 46
0%
Dennis Van Zant 1
0%
Derrick Byars 2
0%
Derrick Dial 41
0%
Desmon Farmer 3
0%
Devin Gray 3
0%
Devontae Cacok 15
0%
Devonte' Graham 43
0%
Dion Glover 7
0%
Donald Royal 60
0%
Donatas Motiejūnas 3
0%
Donnie Freeman 191
0%
Drew Gooden 19
0%
Dwayne Schintzius 42
0%
Ed Nealy 128
0%
Ed Rains 83
0%
Elton McGriff 44
0%
Ennis Whatley 2
0%
Eric Dawson 4
0%
Felton Spencer 26
0%
Forrest McKenzie 6
0%
Frank Brickowski 219
0%
Frankie Sanders 22
0%
Garrett Temple 16
0%
Gary Bradds 19
0%
Gaylon Nickerson 3
0%
Gene Banks 323
0%
Gene Phillips 31
0%
Gene Wiley 1
0%
Geoff Crompton 14
0%
George Karl 264
0%
George Peeples 6
0%
Glen Combs 198
0%
Glenn Mosley 26
0%
Goo Kennedy 211
0%
Greg Sutton 67
0%
Greg Wittman 5
0%
Gus Gerard 11
0%
Henry Ward 88
0%
Howard Eisley 15
0%
Ian Mahinmi 32
0%
Ike Diogu 2
0%
Ime Udoka 160
0%
Ira Newble 27
0%
Irv Kiffin 26
0%
Isaiah Roby 42
0%
Jack Haley 59
0%
Jacque Vaughn 168
0%
Jamaree Bouyea 3
0%
Jamie Feick 38
0%
Jason Hart 63
0%
Jason Sasser 6
0%
Jaylen Morris 3
0%
Jay Vincent 24
0%
Jeff Ayres 124
0%
Jeff Congdon 20
0%
Jeff Cook 88
0%
Jeff Lamp 30
0%
Jeff Lebo 4
0%
Jerome Whitehead 52
0%
Jerry Chambers 38
0%
Jim Burns 33
0%
Jim Eakins 16
0%
Jim Johnstone 7
0%
Jim Ware 1
0%
Jock Landale 54
0%
Joe Courtney 5
0%
Joe Hamilton 292
0%
Joel Anthony 19
0%
Joe Wieskamp 29
0%
John Lambert 21
0%
John Lucas 63
0%
Johnny Dawkins 178
0%
John Shumate 49
0%
John Stroeder 1
0%
Jon Sundvold 198
0%
J.R. Reid 249
0%
Juancho Hernangómez 5
0%
Jud Buechler 11
0%
Julius Nwosu 23
0%
Justin Dentmon 2
0%
Keita Bates-Diop 156
0%
Keith Bogans 79
0%
Keith Edmonson 40
0%
Keith Langford 2
0%
Keith Smart 2
0%
Kevin Duckworth 14
0%
Kevin Restani 159
0%
Kevin Willis 119
0%
Kurt Nimphius 72
0%
Larry Bunce 24
0%
Larry Krystkowiak 68
0%
Larry Owens 7
0%
Len Chappell 79
0%
Leon Wood 38
0%
Levern Tart 33
0%
Linton Townes 1
0%
Louie Nelson 4
0%
Mack Calvin 35
0%
Malik Hairston 62
0%
Mamadi Diakite 3
0%
Manny Leaks 151
0%
Marc Iavaroni 99
0%
Marcus Haislip 10
0%
Mark McNamara 82
0%
Mark Olberding 536
0%
Matt Carroll 3
0%
Matt Costello 4
0%
Matt Othick 4
0%
Maurice Cheeks 50
0%
Maurice McHartley 85
0%
Melvin Sanders 16
0%
Michael Wiley 33
0%
Mike Bratz 81
0%
Mike Brittain 38
0%
Mike Dabich 3
0%
Mike D'Antoni 2
0%
Mike Dunleavy 79
0%
Mike Evans 79
0%
Mike Maloy 9
0%
Mike Sanders 26
0%
Mike Smrek 43
0%
Mike Wilks 48
0%
Mo Layton 41
0%
Morlon Wiley 3
0%
Nate Blackwell 10
0%
Nick Van Exel 65
0%
Nicolás Laprovíttola 18
0%
Othyus Jeffers 5
0%
Paul Griffin 240
0%
Paul Pressey 126
0%
Pete Myers 30
0%
Pétur Guðmundsson 74
0%
Phil Zevenbergen 8
0%
Pops Mensah-Bonsu 3
0%
Quincy Pondexter 53
0%
Quinndary Weatherspoon 31
0%
RaiQuan Gray 3
0%
Ray McCallum 31
0%
Reggie Geary 62
0%
Richard Jefferson 203
0%
Richard Rellford 4
0%
Rich Niemann 33
0%
Rich Peek 51
0%
Rich Yonakor 10
0%
Riley Minix 4
0%
Riney Lochmann 170
0%
Rod Higgins 11
0%
Rod Strickland 146
0%
Roger Mason 161
0%
Roger Phegley 119
0%
Romeo Langford 47
0%
Ron Boone 204
0%
Ron Brewer 120
0%
Ron Franz 37
0%
Ron Mercer 39
0%
Ron Sanford 1
0%
Rudy Gay 256
0%
Sam Mack 40
0%
Scott Roth 47
0%
Scott Sims 12
0%
Sean Higgins 56
0%
Shaler Halimon 84
0%
Shane Heal 6
0%
Shawnelle Scott 27
0%
Skeeter Swift 58
0%
Skip Wise 2
0%
Sleepy Floyd 53
0%
Speedy Claxton 30
0%
Spider Bennett 46
0%
Stanley Umude 2
0%
Stan Love 12
0%
Steve Bardo 1
0%
Steve Lingenfelter 3
0%
Steve Novak 23
0%
Sylvester Norris 17
0%
Theo Ratliff 21
0%
Tim Bassett 5
0%
Tim Kempton 10
0%
Tomáš Satoranský 1
0%
Tom Copa 33
0%
Tom Garrick 19
0%
Tom Owens 39
0%
Tony Massenburg 97
0%
Trent Tucker 24
0%
Tyler Zeller 2
0%
Tyrone Corbin 47
0%
Uwe Blab 7
0%
Vernon Maxwell 200
0%
Walter Berry 129
0%
Wayne Hightower 33
0%
Wes Matthews 75
0%
Wiley Peck 52
0%
William Bedford 16
0%
Willie Burton 13
0%
Willie Scott 8
0%
Žarko Paspalj 28
0%
No matching quizzes found
Score Distribution
Percent of People with Each Score
Percentile by Number Answered
Your Score History
You have not taken this quiz